000 00702nam a2200205 a 4500
001 000038563
005 20260420111101.0
008 090909s2008 dr a 000 0 spa d
040 _aDO-SdBNP
082 _a519.54
_bP438e
100 1 _aCristo Nova, José Antonio
_936182
245 1 0 _aEstadística inferencial /
_cJosé Antonio Cristo Nova.
260 _aSanto Domingo, :
_bUniversidad Católica,
_c2008.
300 _a211p. :
_bil ;
_c29 cm.
504 _aIncluye referencias bibliográficas (P. 210-211)
650 4 _aEstadística
_xProblemas, ejercicios, etc.
_9722
650 0 _aEstadística matemática
_920984
650 4 _aInferencia (lógica)
_920985
650 0 _aMuestreo (Estadistica)
_9721
999 _c38053
_d38053